[Event "Copenhagen Chess Challenge 2015"]
[Site "Ballerup"]
[Date "2015.??.??"]
[Round "3"]
[White "Pawlak, Wojciech Zbigniew"]
[Black "Hansen, Alex Mehr"]
[Result "1/2-1/2"]
[WhiteElo "1754"]
[BlackElo "1958"]
[PlyCount "86"]
[EventDate "2015.??.??"]
[EventType "swiss"]
[EventRounds "9"]
[EventCountry "DEN"]

1. c4 c6 2. g3 Nf6 3. Bg2 d5 4. cxd5 cxd5 5. d4 e6 6. Bg5 Nc6 7. Nf3 h6 8. Bxf6
Qxf6 9. Nc3 Bd6 10. O-O O-O 11. e4 dxe4 12. Nxe4 Qe7 13. Nxd6 Qxd6 14. Qd2 Rd8
15. Rfd1 Rb8 16. Rac1 b6 17. Rxc6 Qxc6 18. Ne5 Qc7 19. Nc6 Bb7 20. Nxd8 Rxd8
21. Qc3 Qd7 22. Bxb7 Qxb7 23. f4 g5 24. fxg5 hxg5 25. Qe3 Qd5 26. a3 f6 27. Re1
Kf7 28. Rc1 Qxd4 29. Rc7+ Ke8 30. Qxd4 Rxd4 31. Rxa7 Rd1+ 32. Kg2 Rd2+ 33. Kf3
Rxb2 34. h4 gxh4 35. gxh4 Rb5 36. Kg4 Ra5 37. Rb7 Rb5 38. h5 Kf8 39. h6 Kg8 40.
Re7 Re5 41. a4 Rg5+ 42. Kh4 Re5 43. Kg4 Rg5+ 1/2-1/2

[Event "Copenhagen Chess Challenge 2015"]
[Site "Ballerup"]
[Date "2015.??.??"]
[Round "3"]
[White "Marthedal, Anton Mehmet Yildiz"]
[Black "Kistrup, Nicolai"]
[Result "0-1"]
[WhiteElo "1722"]
[BlackElo "1942"]
[PlyCount "106"]
[EventDate "2015.??.??"]
[EventType "swiss"]
[EventRounds "9"]
[EventCountry "DEN"]

1. d4 Nf6 2. Nf3 g6 3. e3 Bg7 4. Bd3 d6 5. b3 Nbd7 6. Bb2 O-O 7. Nbd2 Re8 8.
Qe2 e5 9. dxe5 Nxe5 10. Nc4 Nxd3+ 11. cxd3 b5 12. Ncd2 Bb7 13. O-O Nd5 14. Bxg7
Kxg7 15. a3 Qd7 16. Ne4 f5 17. Qb2+ Kg8 18. Nc3 Qg7 19. Nd4 a6 20. Qc2 c5 21.
Nxd5 Bxd5 22. Ne2 g5 23. Rfe1 Qb7 24. Ng3 Bxg2 25. Nxf5 Bh3 26. e4 Bxf5 27.
exf5 Qd5 28. f6 Rf8 29. d4 Rxf6 30. Re7 Rh6 31. dxc5 Qd4 32. Qd1 dxc5 33. Qxd4
cxd4 34. Re5 Kf7 35. Rxg5 Rg6 36. Rxg6 hxg6 37. Rd1 Rd8 38. Kg2 Ke6 39. f4 Kd5
40. Kf3 Rc8 41. Kg4 Ke4 42. Re1+ Kd3 43. Rd1+ Ke3 44. Re1+ Kd2 45. Re6 Kc2 46.
Rxg6 d3 47. Rxa6 Rd8 48. Re6 Kxb3 49. Re3 Kxa3 50. Kf3 Kb2 51. Re5 d2 52. Rxb5+
Kc2 53. Rc5+ Kd3 0-1

[Event "Copenhagen Chess Challenge 2015"]
[Site "Ballerup"]
[Date "2015.??.??"]
[Round "3"]
[White "Nielsen, Thomas (1994)"]
[Black "Yildiz, Hasan"]
[Result "1/2-1/2"]
[WhiteElo "1670"]
[BlackElo "1931"]
[PlyCount "107"]
[EventDate "2015.??.??"]
[EventType "swiss"]
[EventRounds "9"]
[EventCountry "DEN"]

1. c4 g6 2. g3 Bg7 3. Bg2 Nf6 4. Nc3 c6 5. Nf3 d6 6. O-O Be6 7. b3 Qc8 8. Bb2
Bh3 9. Ne4 Bxg2 10. Nxf6+ exf6 11. Kxg2 h5 12. Rc1 Nd7 13. Qc2 O-O 14. Ba3 c5
15. d4 Re8 16. e3 Qc6 17. d5 Qc7 18. Rce1 a6 19. Nh4 Nf8 20. f4 f5 21. Bb2 Re4
22. Bxg7 Kxg7 23. Qc3+ Kg8 24. Nf3 Nh7 25. Nd2 Re7 26. Re2 Rae8 27. Rfe1 b5 28.
Kf2 b4 29. Qb2 Qd7 30. e4 f6 31. exf5 Rxe2+ 32. Rxe2 Rxe2+ 33. Kxe2 Qxf5 34.
Qb1 Qg4+ 35. Nf3 f5 36. Qb2 Kf7 37. Kf2 Nf6 38. Ng5+ Kg7 39. Qa1 h4 40. Nh7
hxg3+ 41. hxg3 Kxh7 42. Qxf6 Qd1 43. Qxd6 Qd2+ 44. Kg1 Qe1+ 45. Kg2 Qe4+ 46.
Kf2 Qc2+ 47. Ke3 Qc3+ 48. Kf2 Qc2+ 49. Ke3 Qb1 50. Qe7+ Kh6 51. Qf8+ Kh7 52.
Qf7+ Kh6 53. Qf8+ Kh7 54. Qf7+ 1/2-1/2

[Event "Copenhagen Chess Challenge 2015"]
[Site "Ballerup"]
[Date "2015.??.??"]
[Round "3"]
[White "Kallenbach, Uffe"]
[Black "Johansen, Johnny Holler"]
[Result "0-1"]
[WhiteElo "1641"]
[BlackElo "1879"]
[PlyCount "66"]
[EventDate "2015.??.??"]
[EventType "swiss"]
[EventRounds "9"]
[EventCountry "DEN"]

1. e4 e6 2. d3 d5 3. Qe2 dxe4 4. dxe4 Be7 5. g3 Nc6 6. Nf3 e5 7. Be3 Nf6 8.
Nbd2 Ng4 9. c3 Nxe3 10. Qxe3 Be6 11. Rd1 Qc8 12. Nc4 f6 13. b3 O-O 14. Qe2 Rd8
15. Ne3 Bc5 16. Nd5 Kh8 17. Bg2 Ne7 18. Qb5 Bd6 19. Nxe7 Bxe7 20. O-O Bd7 21.
Qe2 Bc6 22. Nh4 g6 23. Qe3 Kg7 24. f4 Rxd1 25. Rxd1 Qf8 26. Qe2 Rd8 27. Rxd8
Qxd8 28. fxe5 fxe5 29. Nf3 Qd6 30. Nd2 Qc5+ 31. Kh1 Qxc3 32. Nf1 Bc5 33. h3 Qd4
0-1

[Event "Copenhagen Chess Challenge 2015"]
[Site "Ballerup"]
[Date "2015.??.??"]
[Round "3"]
[White "Dijkhuis, Oele"]
[Black "Fossan, Andreas"]
[Result "0-1"]
[WhiteElo "1568"]
[BlackElo "1873"]
[PlyCount "104"]
[EventDate "2015.??.??"]
[EventType "swiss"]
[EventRounds "9"]
[EventCountry "DEN"]

1. e4 e6 2. d4 d5 3. Nc3 Bb4 4. e5 Ne7 5. a3 Bxc3+ 6. bxc3 c5 7. Qg4 Qc7 8. Bd3
cxd4 9. Ne2 dxc3 10. O-O O-O 11. h4 Nd7 12. Qg3 Nc5 13. f4 Nxd3 14. Qxd3 Nf5
15. Qh3 Qb6+ 16. Kh1 Qd8 17. g3 d4 18. Rd1 Bd7 19. Kh2 Bc6 20. Nxc3 h5 21. Ne2
Bf3 22. Rd2 Qb6 23. Qf1 Be4 24. Qg1 Rfd8 25. Ra2 Rd5 26. Rb2 Qd8 27. Kh3 Qd7
28. Rb4 a5 29. Rc4 b5 30. Rcxd4 Nxd4 31. Rxd4 Bf5+ 32. Kg2 Rd8 33. Rxd5 Qxd5+
34. Kh2 Qc4 35. Qf2 Qxc2 36. Qe3 Rd3 37. Qf2 Bg4 38. Qg2 Qxe2 39. Qxe2 Bxe2 40.
Bb2 b4 41. axb4 axb4 42. Kg2 Rd2 43. Ba1 Bg4+ 44. Kf1 Rd1+ 45. Kf2 Rxa1 46. f5
exf5 47. e6 Ra2+ 48. Kg1 b3 49. e7 Re2 50. e8=Q+ Rxe8 51. Kf2 Re2+ 52. Kf1 b2
0-1

[Event "Copenhagen Chess Challenge 2015"]
[Site "Ballerup"]
[Date "2015.??.??"]
[Round "3"]
[White "Andersen, Daniel"]
[Black "Klofsrud, August"]
[Result "1-0"]
[WhiteElo "1870"]
[BlackElo "1590"]
[PlyCount "79"]
[EventDate "2015.??.??"]
[EventType "swiss"]
[EventRounds "9"]
[EventCountry "DEN"]

1. c4 c5 2. Nf3 Nf6 3. Nc3 Nc6 4. e3 d6 5. d4 Bd7 6. d5 Nb8 7. e4 g6 8. h3 Bg7
9. Be3 O-O 10. Qd2 a6 11. Bd3 e5 12. dxe6 fxe6 13. a4 Qe8 14. Bc2 Qe7 15. Rd1
Ne8 16. Bf4 e5 17. Nd5 Qf7 18. Ng5 exf4 19. Nxf7 Rxf7 20. Nxf4 Bh6 21. g3 Ng7
22. Qxd6 Bc6 23. Nd5 Nd7 24. Ne7+ Kh8 25. Nxc6 bxc6 26. Qxc6 Rd8 27. O-O Ne8
28. Rd3 Ne5 29. Qe6 Nf3+ 30. Kg2 Nd6 31. Rxf3 Rxf3 32. Kxf3 Rf8+ 33. Kg2 Nf7
34. Rd1 Kg8 35. Rd7 a5 36. Qd5 Bg7 37. Qxc5 Ne5 38. Rxg7+ Kxg7 39. Qxe5+ Kg8
40. c5 1-0

[Event "Copenhagen Chess Challenge 2015"]
[Site "Ballerup"]
[Date "2015.??.??"]
[Round "3"]
[White "Aladiyur Paramasivan, Dharanidar"]
[Black "Petrovski, Petruli"]
[Result "0-1"]
[WhiteElo "1427"]
[BlackElo "1849"]
[PlyCount "52"]
[EventDate "2015.??.??"]
[EventType "swiss"]
[EventRounds "9"]
[EventCountry "DEN"]

1. d4 Nf6 2. c4 e6 3. Nc3 Bb4 4. Bd2 O-O 5. Nf3 b6 6. e3 Bb7 7. Bd3 d6 8. Qc2
Bxc3 9. Bxc3 Nbd7 10. O-O-O c5 11. h4 d5 12. Ne5 h6 13. f3 Rc8 14. Rhg1 cxd4
15. exd4 dxc4 16. Bxc4 Nd5 17. Bxd5 Bxd5 18. Nxd7 Qxd7 19. Kb1 Rc7 20. b3 Rfc8
21. Rc1 Rxc3 22. Qb2 Rxc1+ 23. Rxc1 Rxc1+ 24. Qxc1 Qc6 25. Qf4 a5 26. g4 Bxf3
0-1

[Event "Copenhagen Chess Challenge 2015"]
[Site "Ballerup"]
[Date "2015.??.??"]
[Round "4"]
[White "Tari, Aryan"]
[Black "Brynell, Stellan"]
[Result "1/2-1/2"]
[WhiteElo "2513"]
[BlackElo "2433"]
[PlyCount "99"]
[EventDate "2015.??.??"]
[EventType "swiss"]
[EventRounds "9"]
[EventCountry "DEN"]

1. e4 e6 2. d4 d5 3. Nc3 Nf6 4. e5 Nfd7 5. f4 c5 6. Nf3 Nc6 7. Be3 cxd4 8. Nxd4
Bc5 9. Qd2 O-O 10. O-O-O a6 11. Qf2 Qe7 12. Bd3 f6 13. exf6 Nxf6 14. h3 Bd6 15.
Kb1 Bd7 16. Rhe1 Rac8 17. a3 b5 18. Nxc6 Bxc6 19. Bd4 Nd7 20. Qe2 Rxf4 21.
Qxe6+ Qxe6 22. Rxe6 Bc5 23. Ne2 Rxd4 24. Nxd4 Bxd4 25. Bf5 Bf6 26. Rxc6 Rxc6
27. Bxd7 Rd6 28. Rxd5 Rxd5 29. Be6+ Kf8 30. Bxd5 a5 31. c3 Ke7 32. Bc6 b4 33.
cxb4 axb4 34. a4 Kd6 35. Be4 h6 36. Kc2 Kc5 37. b3 Kb6 38. Kd3 Ka5 39. Bd5 Bc3
40. Ke4 Bb2 41. Kf5 Bc3 42. Kg6 Bb2 43. h4 Bc3 44. g4 Bb2 45. h5 Bc3 46. g5
hxg5 47. Kxg5 Bb2 48. Kg6 Bc3 49. h6 gxh6 50. Kxh6 1/2-1/2

[Event "Copenhagen Chess Challenge 2015"]
[Site "Ballerup"]
[Date "2015.??.??"]
[Round "4"]
[White "Percivaldi, Martin"]
[Black "Hector, Jonny"]
[Result "1/2-1/2"]
[WhiteElo "2333"]
[BlackElo "2486"]
[PlyCount "89"]
[EventDate "2015.??.??"]
[EventType "swiss"]
[EventRounds "9"]
[EventCountry "DEN"]

1. d4 d5 2. c4 c6 3. cxd5 cxd5 4. Bf4 Nc6 5. e3 Nf6 6. Nc3 Bf5 7. Qb3 Na5 8.
Qa4+ Bd7 9. Qd1 e6 10. Bd3 Bb4 11. Nge2 Rc8 12. O-O Nc4 13. Qc2 Nh5 14. Rfc1
Nxf4 15. Nxf4 Bd6 16. Nfe2 b5 17. Bxc4 Rxc4 18. b3 Rc7 19. Qd3 Qb8 20. g3 Ba3
21. Rcb1 a5 22. Nf4 O-O 23. Nce2 Rfc8 24. Qd1 Be8 25. Nd3 f6 26. Nef4 Qb6 27.
b4 axb4 28. Rb3 Qd6 29. Nc5 Rxc5 30. dxc5 Rxc5 31. Nd3 Rc4 32. Nb2 Rc3 33. Qd2
Qc5 34. Nd3 Qc4 35. Nb2 Qc7 36. Nd3 Qa5 37. Nb2 Bg6 38. Rc1 Rc4 39. Nxc4 bxc4
40. Rxa3 Qxa3 41. Rxc4 dxc4 42. Qd8+ Kf7 43. Qd7+ Kf8 44. Qd6+ Kf7 45. Qd7+
1/2-1/2

[Event "Copenhagen Chess Challenge 2015"]
[Site "Ballerup"]
[Date "2015.??.??"]
[Round "4"]
[White "Semcesen, Daniel"]
[Black "Hagen, Andreas Skytte"]
[Result "1-0"]
[WhiteElo "2481"]
[BlackElo "2408"]
[PlyCount "93"]
[EventDate "2015.??.??"]
[EventType "swiss"]
[EventRounds "9"]
[EventCountry "DEN"]

1. c4 e6 2. Nc3 d5 3. d4 Be7 4. Nf3 Nf6 5. Bg5 h6 6. Bxf6 Bxf6 7. Qb3 dxc4 8.
Qxc4 O-O 9. Ne4 Be7 10. Rc1 c6 11. e3 Qa5+ 12. Ned2 Nd7 13. Bd3 e5 14. Bb1 exd4
15. Nxd4 Nf6 16. Qe2 Qb6 17. Nc4 Bb4+ 18. Kf1 Qc7 19. a3 Bc5 20. Nf5 g6 21. b4
Be7 22. Nxe7+ Qxe7 23. f3 Be6 24. Kf2 Rfe8 25. Rhd1 Bxc4 26. Rxc4 a5 27. e4
axb4 28. axb4 Nd5 29. Qd2 Nb6 30. Rd4 Kh7 31. Kg1 Qe6 32. Qc2 Ra1 33. h3 Rea8
34. f4 R8a3 35. b5 cxb5 36. f5 Qb3 37. fxg6+ Kxg6 38. Rd6+ Kg7 39. Qd2 Qe3+ 40.
Qxe3 Rxe3 41. Rxb6 Rb3 42. Bc2 Rxd1+ 43. Bxd1 Rb1 44. Rd6 b4 45. Kf1 b3 46. Ke1
b5 47. Rb6 1-0

[Event "Copenhagen Chess Challenge 2015"]
[Site "Ballerup"]
[Date "2015.??.??"]
[Round "4"]
[White "Antonsen, Mikkel"]
[Black "Kristensen, Kaare Hove"]
[Result "0-1"]
[WhiteElo "2472"]
[BlackElo "2380"]
[PlyCount "79"]
[EventDate "2015.??.??"]
[EventType "swiss"]
[EventRounds "9"]
[EventCountry "DEN"]

1. d4 d5 2. c4 e6 3. Nf3 c5 4. cxd5 exd5 5. g3 Nc6 6. Bg2 Nf6 7. O-O Be7 8. Nc3
O-O 9. b3 Ne4 10. Bb2 Bf6 11. e3 Bg4 12. Ne2 Re8 13. h3 Bxf3 14. Bxf3 cxd4 15.
exd4 Qb6 16. h4 Rad8 17. Kg2 h6 18. Re1 Ne5 19. Nf4 Nxf3 20. Kxf3 Be5 21. Nxd5
Qc6 22. Rxe4 Qxd5 23. dxe5 Qxd1+ 24. Rxd1 Rxd1 25. Re2 Red8 26. Bc3 R8d3+ 27.
Re3 h5 28. Ke2 Rxe3+ 29. Kxe3 Kh7 30. Ke4 a6 31. Bd4 Kg6 32. f4 Re1+ 33. Be3
f5+ 34. exf6 Kxf6 35. f5 b5 36. b4 Re2 37. Kf4 Rxa2 38. Bd4+ Kf7 39. Kg5 a5 40.
Kxh5 0-1

[Event "Copenhagen Chess Challenge 2015"]
[Site "Ballerup"]
[Date "2015.??.??"]
[Round "4"]
[White "Shen, Victor"]
[Black "Fries Nielsen, Jens Ove"]
[Result "1-0"]
[WhiteElo "2394"]
[BlackElo "2458"]
[PlyCount "99"]
[EventDate "2015.??.??"]
[EventType "swiss"]
[EventRounds "9"]
[EventCountry "DEN"]

1. e4 d6 2. d4 a6 3. Nc3 Nc6 4. d5 Nb8 5. a4 e5 6. dxe6 Bxe6 7. g3 Nc6 8. Bg2
Qd7 9. h3 Nge7 10. Nge2 Ng6 11. Nd4 Nxd4 12. Qxd4 Ne5 13. Qd1 Nc6 14. Nd5 Be7
15. O-O O-O 16. Kh2 Bd8 17. b3 f5 18. exf5 Bxf5 19. g4 Be6 20. f4 Kh8 21. c4
Rb8 22. Bb2 Bxd5 23. cxd5 Ne7 24. g5 Nf5 25. Qg4 Qf7 26. Rae1 c6 27. Re6 cxd5
28. Bxd5 Rc8 29. Qd1 Qc7 30. Re2 Qc5 31. Qd3 Be7 32. Bxb7 Rce8 33. Bxa6 d5 34.
Bb5 Rd8 35. Re5 Nh4 36. Qe3 Qxe3 37. Rxe3 Nf5 38. Re6 d4 39. Bd3 Bb4 40. Re5
Ne3 41. Rf3 Bd6 42. Re4 Bc5 43. a5 Nd1 44. Bc1 Nc3 45. Re6 Bd6 46. Rxd6 Rxd6
47. Ba3 Rfd8 48. Bxd6 Rxd6 49. a6 Rd7 50. b4 1-0

[Event "Copenhagen Chess Challenge 2015"]
[Site "Ballerup"]
[Date "2015.??.??"]
[Round "4"]
[White "Tikkanen, Hans"]
[Black "Rydstrom, Tom"]
[Result "1-0"]
[WhiteElo "2535"]
[BlackElo "2286"]
[PlyCount "91"]
[EventDate "2015.??.??"]
[EventType "swiss"]
[EventRounds "9"]
[EventCountry "DEN"]

1. e4 e5 2. Nf3 Nc6 3. Bb5 a6 4. Ba4 Nf6 5. O-O Be7 6. d3 b5 7. Bb3 d6 8. a4
Rb8 9. axb5 axb5 10. Nbd2 O-O 11. Re1 h6 12. c3 Re8 13. h3 Bf8 14. d4 Bd7 15.
Bc2 g6 16. d5 Ne7 17. c4 bxc4 18. Nxc4 Bg7 19. Bd2 Qc8 20. Ba4 Bxa4 21. Rxa4
Nd7 22. Ba5 f5 23. Nfd2 Nf6 24. f3 Rf8 25. Ra3 Qd7 26. Qa4 Rfc8 27. Qxd7 Nxd7
28. b4 Bf8 29. Rc1 Nf6 30. Rb3 Ne8 31. b5 Rb7 32. Rcb1 Rcb8 33. Bc3 f4 34. Na5
Ra7 35. Nc6 Nxc6 36. bxc6 Rxb3 37. Rxb3 Be7 38. Kf2 Kf7 39. Ke2 Bf6 40. Nc4 Be7
41. Ba5 Ra8 42. Rb7 Rc8 43. Kd3 Kf6 44. Kc2 Bd8 45. Kb3 Ke7 46. Nb6 1-0

[Event "Copenhagen Chess Challenge 2015"]
[Site "Ballerup"]
[Date "2015.??.??"]
[Round "4"]
[White "Carstensen, Jacob"]
[Black "Bekker Jensen, David"]
[Result "1/2-1/2"]
[WhiteElo "2382"]
[BlackElo "2261"]
[PlyCount "140"]
[EventDate "2015.??.??"]
[EventType "swiss"]
[EventRounds "9"]
[EventCountry "DEN"]

1. d4 Nf6 2. c4 g6 3. Nc3 Bg7 4. e4 d6 5. Nf3 O-O 6. Be2 Nbd7 7. O-O e5 8. Be3
Qe7 9. Qc2 c6 10. Rad1 h6 11. h3 exd4 12. Bxd4 Re8 13. Rfe1 Ne5 14. Be3 Nxf3+
15. Bxf3 Nh7 16. Qd2 Qh4 17. Qxd6 Be5 18. Qd2 Ng5 19. Bxg5 hxg5 20. g3 Qxh3 21.
Qxg5 Qh8 22. Qe3 Be6 23. Be2 Red8 24. Rxd8+ Rxd8 25. Rd1 Rxd1+ 26. Nxd1 Bd4 27.
Qf4 Be5 28. Qd2 Kh7 29. b3 Qf8 30. Ne3 Qc5 31. Bg4 Bd4 32. Bxe6 Bxe3 33. Qd7
Bxf2+ 34. Kg2 Bd4 35. Bxf7 Bg7 36. Qh3+ Qh5 37. Qxh5+ gxh5 38. Bxh5 Kh6 39. Be8
Kg5 40. Kf3 Be5 41. Bd7 c5 42. Bc8 b6 43. Ba6 Kh5 44. a3 Kg5 45. b4 Kh5 46. b5
Kg5 47. Bc8 Bd4 48. a4 Be5 49. Bg4 Bd4 50. Bh3 Be5 51. Bf1 Bd4 52. Be2 Be5 53.
Bd1 Bd4 54. g4 Be5 55. Ke3 Bd4+ 56. Kd3 Kf4 57. Be2 Be5 58. Bd1 Kg5 59. Kc2 Kf4
60. Kb3 Kxe4 61. a5 bxa5 62. Bc2+ Kd4 63. g5 a4+ 64. Kxa4 Kxc4 65. Ka5 Kc3 66.
Bf5 c4 67. Ka6 Kb4 68. g6 c3 69. Bd3 Bg7 70. Kxa7 c2 1/2-1/2

[Event "Copenhagen Chess Challenge 2015"]
[Site "Ballerup"]
[Date "2015.??.??"]
[Round "4"]
[White "Ahlander, Bjorn"]
[Black "Nielsen, Thomas Bach"]
[Result "1-0"]
[WhiteElo "2372"]
[BlackElo "2197"]
[PlyCount "75"]
[EventDate "2015.??.??"]
[EventType "swiss"]
[EventRounds "9"]
[EventCountry "DEN"]

1. e4 c6 2. d4 d5 3. Nc3 dxe4 4. Nxe4 Bf5 5. Ng3 Bg6 6. Nh3 e6 7. Nf4 Bd6 8.
Ngh5 Bxf4 9. Nxf4 Nf6 10. Be2 Nbd7 11. h4 Qb6 12. a4 e5 13. Nxg6 hxg6 14. dxe5
Nxe5 15. a5 Qb4+ 16. Qd2 Qe7 17. Ra4 Nd5 18. Qg5 f6 19. Qg3 g5 20. Re4 O-O-O
21. Bxg5 fxg5 22. Rxe5 Qc7 23. O-O gxh4 24. Qg5 Nf6 25. a6 h3 26. g3 h2+ 27.
Kh1 Rd5 28. Rxd5 cxd5 29. axb7+ Qxb7 30. Bf3 Ne4 31. Qf5+ Kb8 32. c4 Qxb2 33.
Bxe4 dxe4 34. Qxe4 Kc8 35. Qf5+ Kc7 36. Rb1 Qf6 37. Qa5+ Kd7 38. Qxa7+ 1-0

[Event "Copenhagen Chess Challenge 2015"]
[Site "Ballerup"]
[Date "2015.??.??"]
[Round "4"]
[White "Rewitz, Poul"]
[Black "Christensen, Tobias"]
[Result "0-1"]
[WhiteElo "2272"]
[BlackElo "2358"]
[PlyCount "76"]
[EventDate "2015.??.??"]
[EventType "swiss"]
[EventRounds "9"]
[EventCountry "DEN"]

1. Nc3 c5 2. g3 g6 3. Bg2 Bg7 4. d3 Nc6 5. f4 e6 6. Nf3 Nge7 7. O-O O-O 8. Ne4
d5 9. Nf2 a5 10. g4 a4 11. Rb1 f5 12. h4 Qd6 13. e4 Bd7 14. c4 Nd4 15. cxd5
fxg4 16. Nxd4 Bxd4 17. e5 Qa6 18. Kh2 exd5 19. b4 axb3 20. Rxb3 h5 21. Ra3 Qb6
22. Rb3 Qc7 23. Qe2 Be6 24. a3 Nf5 25. Nxg4 hxg4 26. Qxg4 Kf7 27. Bh3 Qe7 28.
h5 Rg8 29. hxg6+ Kg7 30. Rb6 Rh8 31. Rf3 Ra6 32. Rxa6 bxa6 33. a4 Rh6 34. Qg5
Qxg5 35. fxg5 Rh8 36. Bf4 Kxg6 37. Kh1 c4 38. Bh2 c3 0-1

[Event "Copenhagen Chess Challenge 2015"]
[Site "Ballerup"]
[Date "2015.??.??"]
[Round "4"]
[White "Fries Nielsen, Niels Jorgen"]
[Black "Brondt, Nicolai Kvist"]
[Result "1/2-1/2"]
[WhiteElo "2339"]
[BlackElo "2146"]
[PlyCount "97"]
[EventDate "2015.??.??"]
[EventType "swiss"]
[EventRounds "9"]
[EventCountry "DEN"]

1. e4 c5 2. Nf3 e6 3. Be2 Qc7 4. O-O a6 5. d3 Nc6 6. c3 Nf6 7. Re1 d5 8. exd5
Nxd5 9. Nbd2 Be7 10. a4 O-O 11. Nc4 b6 12. Bf1 Bf6 13. g3 Rb8 14. Qe2 Bb7 15.
Bg2 Rfd8 16. Ne3 Nxe3 17. Bxe3 Qd7 18. Rad1 Ne7 19. a5 Nd5 20. axb6 Nxe3 21.
Qxe3 Qb5 22. Ne5 Bxe5 23. Qxe5 Bxg2 24. Kxg2 Rxb6 25. Rd2 Rbd6 26. Re3 Qc6+ 27.
f3 Rd5 28. Qe4 Qd6 29. f4 g6 30. h3 Re8 31. Qc4 Qc6 32. Kh2 Red8 33. Qe4 Qb6
34. Qc4 Qa5 35. Re5 Rxe5 36. fxe5 Rd4 37. Qb3 c4 38. Qb7 Qd5 39. Qb8+ Qd8 40.
Qxd8+ Rxd8 41. d4 Rb8 42. Kg2 a5 43. Kf3 a4 44. Ke4 Rb3 45. Rc2 Rb5 46. g4 h6
47. h4 g5 48. hxg5 hxg5 49. Rg2 1/2-1/2

[Event "Copenhagen Chess Challenge 2015"]
[Site "Ballerup"]
[Date "2015.??.??"]
[Round "4"]
[White "Arman, Deniz"]
[Black "Jacobsen, Mikkel Manosri"]
[Result "1-0"]
[WhiteElo "2315"]
[BlackElo "2188"]
[PlyCount "67"]
[EventDate "2015.??.??"]
[EventType "swiss"]
[EventRounds "9"]
[EventCountry "DEN"]

1. e4 c6 2. d4 d5 3. Nc3 dxe4 4. Nxe4 Bf5 5. Ng3 Bg6 6. h4 h6 7. Nh3 e6 8. Nf4
Bh7 9. Bc4 Bd6 10. Ngh5 Bxf4 11. Bxf4 Kf8 12. Qg4 Bg6 13. O-O-O Nd7 14. Bd6+
Ne7 15. Nf4 Bf5 16. Qg3 Nb6 17. Bb3 Kg8 18. Be5 Rh7 19. Qf3 h5 20. Nxh5 Ned5
21. c4 Nb4 22. Ng3 Nd3+ 23. Rxd3 Bxd3 24. Qxd3 Rxh4 25. Rxh4 Qxh4 26. Qe4 Qh6+
27. Qf4 Qxf4+ 28. Bxf4 Rd8 29. Be3 f6 30. Ne4 f5 31. Nc5 f4 32. Bxf4 Rxd4 33.
Be3 Rh4 34. Nxe6 1-0

[Event "Copenhagen Chess Challenge 2015"]
[Site "Ballerup"]
[Date "2015.??.??"]
[Round "4"]
[White "Vesterli, Michael E"]
[Black "Haubro, Martin"]
[Result "0-1"]
[WhiteElo "2118"]
[BlackElo "2314"]
[PlyCount "76"]
[EventDate "2015.??.??"]
[EventType "swiss"]
[EventRounds "9"]
[EventCountry "DEN"]

1. d4 f5 2. c4 Nf6 3. Nc3 e6 4. Nf3 Bb4 5. Bd2 O-O 6. g3 b6 7. Bg2 Bb7 8. O-O
Qe7 9. Qb3 a5 10. Bf4 Bxc3 11. Qxc3 d6 12. Rfd1 Nbd7 13. b3 Rae8 14. a3 Ne4 15.
Qc2 e5 16. Bc1 Ndf6 17. dxe5 dxe5 18. h3 f4 19. g4 h5 20. g5 Nh7 21. h4 Nhxg5
22. hxg5 Nxg5 23. Qg6 Nxf3+ 24. Bxf3 Bxf3 25. exf3 Rf6 26. Qe4 Rh6 27. Bb2 Qg5+
28. Kf1 h4 29. Ke2 h3 30. Rh1 h2 31. Rad1 Qg2 32. b4 Rd6 33. Rc1 Red8 34. Bc3
axb4 35. Bxb4 Rd4 36. Qxe5 Rd3 37. Qe6+ Kh8 38. Rxh2+ Qxh2 0-1

[Event "Copenhagen Chess Challenge 2015"]
[Site "Ballerup"]
[Date "2015.??.??"]
[Round "4"]
[White "Haug, Johannes"]
[Black "Dijkhuis, Sven"]
[Result "1/2-1/2"]
[WhiteElo "2309"]
[BlackElo "2118"]
[PlyCount "77"]
[EventDate "2015.??.??"]
[EventType "swiss"]
[EventRounds "9"]
[EventCountry "DEN"]

1. d4 Nf6 2. c4 c5 3. d5 e6 4. Nc3 exd5 5. cxd5 d6 6. Nf3 g6 7. h3 Bg7 8. Bf4
O-O 9. e3 Qe7 10. Be2 Nbd7 11. O-O a6 12. a4 Rb8 13. Bh2 Ne8 14. Qb3 Nc7 15.
Rfd1 Re8 16. Nd2 Ne5 17. e4 f5 18. a5 Bd7 19. f4 Nf7 20. e5 dxe5 21. Nc4 Nb5
22. Nxb5 axb5 23. Nxe5 Nxe5 24. fxe5 Bxe5 25. Bxb5 Bxh2+ 26. Kxh2 Qd6+ 27. Kh1
Bxb5 28. Qxb5 Re5 29. Rac1 Rxd5 30. Rxd5 Qxd5 31. Qxc5 Rd8 32. b4 Qe4 33. Qc4+
Qxc4 34. Rxc4 Rd7 35. Kh2 Kf7 36. Rc5 Ke6 37. Kg3 Rd3+ 38. Kf2 Rd5 39. Rc7
1/2-1/2

[Event "Copenhagen Chess Challenge 2015"]
[Site "Ballerup"]
[Date "2015.??.??"]
[Round "4"]
[White "Vovk, Oksana"]
[Black "Westerinen, Heikki"]
[Result "1/2-1/2"]
[WhiteElo "2112"]
[BlackElo "2305"]
[PlyCount "83"]
[EventDate "2015.??.??"]
[EventType "swiss"]
[EventRounds "9"]
[EventCountry "DEN"]

1. d4 Nf6 2. c4 g6 3. g3 Bg7 4. Bg2 O-O 5. Nc3 d6 6. e4 Nc6 7. Nge2 Re8 8. O-O
e5 9. d5 Nd4 10. Nxd4 exd4 11. Ne2 Nxe4 12. Nxd4 Bd7 13. Re1 Qf6 14. Be3 Re7
15. Qc2 Rae8 16. Rf1 a5 17. b3 Nc5 18. Qd2 b6 19. Rad1 Bg4 20. Bg5 Qxd4 21.
Qxd4 Bxd4 22. Rxd4 Re5 23. Rxg4 h5 24. f4 Re2 25. Rh4 Kg7 26. f5 f6 27. Bf4 g5
28. Bxg5 fxg5 29. Rxh5 Kf6 30. Rh6+ Ke5 31. Rh7 Kd4 32. Rxc7 Rxa2 33. f6 Nxb3
34. f7 Rf8 35. Bh3 a4 36. Rc8 Rxf7 37. Rxf7 a3 38. Rf1 Rb2 39. Bf5 Nd2 40. Rd1
a2 41. Ra8 Kxc4 42. h4 1/2-1/2

[Event "Copenhagen Chess Challenge 2015"]
[Site "Ballerup"]
[Date "2015.??.??"]
[Round "4"]
[White "Fossan, Andreas"]
[Black "Brondal, Paul"]
[Result "1/2-1/2"]
[WhiteElo "1873"]
[BlackElo "2103"]
[PlyCount "50"]
[EventDate "2015.??.??"]
[EventType "swiss"]
[EventRounds "9"]
[EventCountry "DEN"]

1. d4 d5 2. c4 c6 3. Nf3 Nf6 4. e3 a6 5. Qc2 g6 6. Bd3 Bg7 7. b3 O-O 8. O-O
Nbd7 9. Bb2 c5 10. Nbd2 b6 11. Rae1 Bb7 12. Ne5 Rc8 13. Qb1 e6 14. f4 Ne8 15.
Be2 Nd6 16. Bf3 Nf6 17. Rd1 Qe7 18. Ng4 Nf5 19. Nxf6+ Bxf6 20. Qd3 Rfd8 21.
cxd5 exd5 22. Rfe1 h5 23. g4 hxg4 24. Bxg4 Re8 25. Bxf5 gxf5 1/2-1/2

[Event "Copenhagen Chess Challenge 2015"]
[Site "Ballerup"]
[Date "2015.??.??"]
[Round "4"]
[White "Kyrkjebo, Erlend"]
[Black "Orio, Lars"]
[Result "1-0"]
[WhiteElo "2074"]
[BlackElo "1878"]
[PlyCount "157"]
[EventDate "2015.??.??"]
[EventType "swiss"]
[EventRounds "9"]
[EventCountry "DEN"]

1. e4 c6 2. d4 d5 3. f3 e6 4. Bf4 Qb6 5. Ne2 Nf6 6. Nbc3 c5 7. exd5 exd5 8. Qd3
c4 9. Qe3+ Be6 10. Bg5 Nbd7 11. O-O-O Bd6 12. Nf4 Bxf4 13. Qxf4 Qc6 14. h4 b5
15. Ne2 b4 16. c3 Rb8 17. h5 h6 18. Bxf6 gxf6 19. g3 Qa4 20. cxb4 Qxb4 21. Rd2
Ke7 22. Nc3 a5 23. Bh3 Qd6 24. Re1 Qxf4 25. Nxd5+ Kd6 26. Nxf4 Bxh3 27. Nxh3
Rb5 28. Nf4 Rhb8 29. Re3 Nb6 30. b3 a4 31. Rb2 cxb3 32. Rc3 Nd5 33. Nxd5 Kxd5
34. Rc7 bxa2 35. Rxa2 Rb1+ 36. Kc2 R1b4 37. Rxf7 Rc8+ 38. Kd2 Rxd4+ 39. Ke2 Ke5
40. Ra7 Rcc4 41. Kf2 Kd6 42. Ra6+ Rc6 43. R6xa4 Rxa4 44. Rxa4 f5 45. Ke3 Ke5
46. Ra5+ Kf6 47. Kd4 Rd6+ 48. Rd5 Ra6 49. f4 Ra4+ 50. Kc5 Ra5+ 51. Kc4 Ra4+ 52.
Kb5 Ra3 53. Rd6+ Kg7 54. Rg6+ Kf7 55. Kc4 Re3 56. Kd4 Re4+ 57. Kd3 Ra4 58. Ke3
Re4+ 59. Kf3 Ra4 60. Rxh6 Kg7 61. Rg6+ Kh7 62. Rf6 Ra5 63. h6 Rb5 64. Kg2 Kh8
65. Kh3 Kh7 66. Kh4 Kh8 67. Rf7 Rb6 68. Kh5 Kg8 69. Rxf5 Kh7 70. Rf7+ Kg8 71.
Re7 Rb5+ 72. Re5 Rb6 73. g4 Kh7 74. Re7+ Kh8 75. g5 Rb5 76. Rf7 Kg8 77. Kg6
Rxg5+ 78. fxg5 Kh8 79. Rf8# 1-0